书目信息 |
| 题名: |
原地浸出采铀反应动力学和物质运移
|
|
| 作者: | 阙为民 , 谭亚辉 , 曾毅君 编著 | |
| 分册: | ||
| 出版信息: | 北京 原子能出版社 2002.12 |
|
| 页数: | 295页 | |
| 开本: | 20cm | |
| 丛书名: | ||
| 单 册: | ||
| 中图分类: | TD868 | |
| 科图分类: | ||
| 主题词: | 原地浸出--yuan di jin chu--铀矿开采--反应动力学 | |
| 电子资源: | ||
| ISBN: | 7-5022-2680-X | |
| 000 | 01167nam0 2200289 450 | |
| 001 | 012007004953 | |
| 005 | 20070921091554.71 | |
| 010 | @a7-5022-2680-X@dCNY25.00 | |
| 100 | @a20070818d2002 km y0chiy0120 ea | |
| 101 | 0 | @achi |
| 102 | @aCN@b110000 | |
| 105 | @ay a 000yy | |
| 200 | 1 | @a原地浸出采铀反应动力学和物质运移@Ayuan di jin chu cai you fan ying dong li xue he wu zhi yun yi@f阙为民 ... [等] 编著@Fque wei min...[deng]bian zhu |
| 210 | @a北京@c原子能出版社@d2002.12 | |
| 215 | @a295页@d20cm | |
| 304 | @a题名页题: 阙为民, 谭亚辉, 曾毅君, 王树德 | |
| 312 | @a英文并列题名取自封面。 | |
| 320 | @a有书目。 | |
| 330 | @a本书主要内容:原地浸出采铀技术简介、原地浸出采铀的物理化学原理、浸出过程动力学、元素的迁移与沉淀、溶液在含水层中的运移模型、流动反应器及流动体系模型及原地浸出采铀地球化学动力学模型。 | |
| 510 | 1 | @aGeochemical kinetics and mass transport of in-situ uranium leaching@zeng |
| 606 | 0 | @a原地浸出@Ayuan di jin chu@x铀矿开采@x反应动力学 |
| 690 | @aTD868@v4 | |
| 701 | 0 | @a阙为民@Aque wei min@4编著 |
| 701 | 0 | @a谭亚辉@Atan ya hui@4编著 |
| 701 | 0 | @a曾毅君@Aceng yi jun@4编著 |
| 801 | 0 | @aCN@c20070921 |
| 905 | @dTD868@eQ976 | |
| 原地浸出采铀反应动力学和物质运移/阙为民 ... [等] 编著.-北京:原子能出版社,2002.12 |
| 295页;20cm |
| ISBN 7-5022-2680-X:CNY25.00 |
| 本书主要内容:原地浸出采铀技术简介、原地浸出采铀的物理化学原理、浸出过程动力学、元素的迁移与沉淀、溶液在含水层中的运移模型、流动反应器及流动体系模型及原地浸出采铀地球化学动力学模型。 |
| ● |
| 相关链接 |
|
|
|
正题名:原地浸出采铀反应动力学和物质运移
索取号:TD868/Q976
 
预约/预借
| 序号 | 登录号 | 条形码 | 馆藏地/架位号 | 状态 | 备注 |
| 1 | 260434 | 202604342 | 自科库501/501自科库 22排1列1层/ [索取号:TD868/Q976] | 在馆 | |
| 2 | 260435 | 202604351 | 自科库501/501自科库 22排1列1层/ [索取号:TD868/Q976] | 在馆 |